=LDR 00000nam 2200000 4500 =001 INLIS000000000000912 =005 20230308014247 =035 ##$$a 0010-0323000035 =007 ta =008 230308################g##########0#eng## =020 ##$$a 0 13 040867 3 =082 ##$$a 658. 3 =084 ##$$a 658. 3 HAL a =100 #$$a Halloran, Jack =245 1#$$a Applied Human Relations an Organizational Approach /$c Jack Halloran =250 ##$$a - =260 ##$$a United States of America :$b Prentice- Hall,$c 1978 =300 ##$$a xi, 527 halaman : $b Ilustrasi ; $c 24 cm$e - =650 #4$$a Organization Behavior =650 #4$$a Communication in Organizations =650 #4$$a Personnel Management =520 ##$$a Buku ini berupaya untuk mendekati beberapa aspek hubungan menusia seperti yang terlihat dalam tindakan di organisasi saat ini. Karena bidang tersebut memiliki begitu banyak aspek umum, seperti komunikasi, moral, motivasi dan kepemimpinan. =990 ##$$a B-1978-00001